000
00325nam a2200133Ia 4500
008
191201s2004 xx 000 0 und d
082
_a
671
_b
PAE
100
_a
PARASHER, B S ,Nagendra
245
0
_a
Elements of Manufacturing Process
260
_a
N.Delhi
_b
PHI
_c
2004
300
_a
475
650
_a
B.Tech(ME)
942
_2
ddc
_c
BK
999
_c
806
_d
806